बाइबिल की अनोखी कहानियाँ/ (Record no. 202718)

MARC details
000 -LEADER
fixed length control field 00752 a2200193 4500
005 - DATE AND TIME OF LATEST TRANSACTION
control field 20240802160724.0
010 ## - LCCN (DPL NO)
LC control number B-758969
020 ## - INTERNATIONAL STANDARD BOOK NUMBER
International Standard Book Number 9789381383650
Terms of availability 450.00
035 ## - SYSTEM CONTROL NUMBER
System control number B-758969
037 ## - SOURCE OF ACQUISITION
Source of stock number/acquisition उपहार
082 ## - DEWEY DECIMAL CLASSIFICATION NUMBER
Classification number
100 ## - MAIN ENTRY--PERSONAL NAME
Personal name मनु, प्रकाश
245 ## - TITLE STATEMENT
Title बाइबिल की अनोखी कहानियाँ/
Statement of responsibility, etc प्रकाश मनु
260 ## - PUBLICATION, DISTRIBUTION, ETC. (IMPRINT)
Place of publication, distribution, etc नोएडा
Name of publisher, distributor, etc अंकुर पब्लिकेशन्स
Date of publication, distribution, etc 2015
270 ## - ADDRESS
Address 231 सेक्टर-15-A
City नोएडा
300 ## - PHYSICAL DESCRIPTION
Extent 192 पृष्ठ.;
Dimensions 22cm. (साजिल्द)
942 ## - ADDED ENTRY ELEMENTS (KOHA)
Institution code [OBSOLETE] dpl
Item type Children Books
Source of classification or shelving scheme Dewey Decimal Classification
Classification part
Call number suffix मनुप्र
Holdings
Withdrawn status Lost status Not for loan Collection code Home library Current library Date acquired Source of acquisition Cost, normal purchase price Full call number Barcode Copy number Cost, replacement price Koha item type Public note
      Fiction Sarojini Nagar Sarojini Nagar 07/05/2024 उपहार /29.4.24 450.00 क मनुप्र B-758969 1 450.00 Children Books उपहार

© Delhi Public Library
Hit Counter
free hit counter